Comó asegurar el aprendizaje con unidades de antoinstrucción
Furkejuvvon:
| Váldodahkkit: | , |
|---|---|
| Materiálatiipa: | Girji |
| Giella: | espánnjágiella |
| Almmustuhtton: |
Bogotá
Fondo Educativo Interamericano
1978
|
| Fáttát: | |
| Fáddágilkorat: |
Lasit fáddágilkoriid
Eai fáddágilkorat, Lasit vuosttaš fáddágilkora!
|
MARC
| LEADER | 00000nam a2200000 a 4500 | ||
|---|---|---|---|
| 001 | UCW5215 | ||
| 003 | CL-VaPUC | ||
| 008 | 910121e19780000CK |||||||||||||||||spa|d | ||
| 082 | 0 | 4 | |a 370.777 |b JOH |2 21 |
| 100 | 0 | |a Johnson, Rita B |e author |9 310103 | |
| 700 | 0 | |a Johnson, Stuart R |e author |9 310104 | |
| 245 | 1 | 0 | |a Comó asegurar el aprendizaje con unidades de antoinstrucción |
| 300 | |a 79 p | ||
| 942 | |c BK | ||
| 945 | |d 19910121 00:00:00 | ||
| 260 | |a Bogotá |b Fondo Educativo Interamericano |c 1978 | ||
| 650 | 0 | |a Anto educación |9 310105 | |
| 650 | 0 | |a Formación profesional de profesores |9 307493 | |
| 583 | |a last modification |c 19910121 00:00:00 |k Rodrigo Vera | ||
| 999 | |c 218700 |d 218698 | ||
| 952 | |0 0 |1 0 |4 0 |6 370_777000000000000_JOH_1978 |7 0 |8 P |9 208676 |a BIBEDU |b BIBEDU |c BIBEDU_PB |d 2019-11-15 |i 2765373 |o 370.777 JOH 1978 |p 2765373 |r 2024-01-25 |w 2019-11-15 |y BK |k EDU | ||
| 952 | |0 0 |1 0 |4 0 |6 370_777000000000000_JOH_1978 |7 0 |8 P |9 208677 |a BIBEDU |b BIBEDU |c BIBEDU_PB |d 2019-11-15 |i 2765381 |o 370.777 JOH 1978 |p 2765381 |r 2024-01-25 |w 2019-11-15 |y BK |k EDU | ||
| 952 | |0 0 |1 0 |4 0 |6 370_777000000000000_JOH_1978 |7 0 |8 P |9 208678 |a BIBEDU |b BIBEDU |c BIBEDU_PB |d 2019-11-15 |i 276539K |o 370.777 JOH 1978 |p 276539K |r 2024-01-25 |w 2019-11-15 |y BK |k EDU | ||